[Event "La Roda op 50th"]
[Site "La Roda"]
[Date "2024.03.29"]
[Round "4"]
[White "Collado Alcolado, Angel"]
[Black "Lopez Mijail, Nicolas"]
[Result "1/2-1/2"]
[WhiteElo "2039"]
[BlackElo "2231"]
[PlyCount "54"]
[EventDate "2024.03.27"]
[EventType "swiss"]
[EventRounds "9"]
[EventCountry "ESP"]
[SourceTitle "CB14_2024"]
[SourceDate "2024.04.01"]
[SourceVersion "1"]
[SourceVersionDate "2024.04.01"]
[SourceQuality "1"]

1. d4 Nf6 2. Nc3 d5 3. Bg5 h6 4. Bh4 e6 5. Nf3 Be7 6. Bxf6 Bxf6 7. e4 0-0 8. Qd2 c5 9. e5 cxd4 10. Qxd4 Nc6 11. Qf4 Qc7 12. Nb5 Qb8 13. 0-0-0 Nxe5 14. Qg3 a6 15. Nbd4 Nxf3 16. Qxf3 b5 17. h4 Qb6 18. Ne2 Bb7 19. Ng3 Rfe8 20. Nh5 e5 21. Rh3 e4 22. Nxf6+ Qxf6 23. Qxf6 gxf6 24. Rd4 Kf8 25. a4 Bc6 26. Rc3 Rec8 27. g3 bxa4 1/2-1/2

[Event "Roquetas de Mar op 35th"]
[Site "Roquetas de Mar"]
[Date "2024.01.06"]
[Round "8"]
[White "Merario Alarcon, Andres"]
[Black "Collado Alcolado, Angel"]
[Result "1/2-1/2"]
[WhiteElo "2429"]
[BlackElo "1977"]
[PlyCount "258"]
[EventDate "2024.01.02"]
[EventType "swiss"]
[EventRounds "9"]
[EventCountry "ESP"]
[SourceTitle "CB02_2024"]
[SourceDate "2024.01.10"]
[SourceVersion "1"]
[SourceVersionDate "2024.01.10"]
[SourceQuality "1"]

1. d4 d5 2. c4 c5 3. cxd5 Qxd5 4. Nf3 cxd4 5. Nc3 Qa5 6. Nxd4 Nf6 7. Nb3 Qh5 8. f3 Nc6 9. e4 e5 10. Bc4 Bb4 11. 0-0 Bxc3 12. bxc3 0-0 13. Be3 Qg6 14. Qe2 a6 15. a4 h5 16. Rfd1 h4 17. Rd6 Qh5 18. Nc5 Na5 19. Ba2 Rb8 20. Rb1 b5 21. axb5 axb5 22. Rxb5 Nb7 23. Rbb6 Nxc5 24. Bxc5 Rxb6 25. Rxb6 Rd8 26. Be7 Rd7 27. Bxf6 gxf6 28. Bd5 Qg5 29. Rb1 h3 30. Qf2 Rc7 31. c4 Ba6 32. Qg3 hxg2 33. Kxg2 Bxc4 34. Qxg5+ fxg5 35. Rc1 Bxd5 36. Rxc7 Be6 37. Rc5 f6 38. Rc7 Bf7 39. Kf2 Bh5 40. Rc1 Kf7 41. Ke3 Ke6 42. Rc7 Be8 43. Ra7 Bh5 44. Ra1 Ke7 45. Rg1 Ke6 46. Rg3 Be8 47. Kd2 Bb5 48. Rg2 Ba4 49. Kc1 Be8 50. Kb2 Ba4 51. Rd2 Be8 52. Kc3 Bh5 53. Rd3 Ke7 54. Kb4 Bf7 55. Kc5 Be8 56. Ra3 Bh5 57. Rb3 Ke6 58. Kc6 Ke7 59. Kc7 Bf7 60. Rd3 Be8 61. Kc8 Bh5 62. Ra3 Ke8 63. Kc7 Ke7 64. Rd3 Be8 65. Kb6 Bh5 66. Kc5 Ke6 67. Kb4 Be8 68. Kc3 Bh5 69. Kd2 Ke7 70. Ke3 Ke6 71. Rd1 Ke7 72. Rh1 Be8 73. h4 gxh4 74. Rxh4 Ke6 75. Rh7 Bg6 76. Rg7 Bh5 77. Rg3 Be8 78. Kd2 Ke7 79. Kc3 Bb5 80. Rg2 Ba4 81. Rd2 Be8 82. Kb4 Bh5 83. Rd3 Ke6 84. Kc5 Ke7 85. Kc6 Be8+ 86. Kc7 Bh5 87. Ra3 Be8 88. Rc3 Bh5 89. Kc8 Ke8 90. Rd3 Ke7 91. Kc7 Be8 92. Rd5 Bh5 93. f4 Bf3 94. Rd7+ Kf8 95. fxe5 fxe5 96. Kd6 Bxe4 97. Kxe5 Bb1 98. Kf6 Kg8 99. Rg7+ Kh8 100. Rb7 Ba2 101. Kg6 Bg8 102. Rb2 Bh7+ 103. Kf6 Bg8 104. Rb8 Kh7 105. Rb7+ Kh8 106. Kg6 Ba2 107. Rh7+ Kg8 108. Ra7 Bb1+ 109. Kh6 Be4 110. Re7 Bc2 111. Kg5 Kh8 112. Kf6 Bh7 113. Rg7 Bg8 114. Rg3 Bh7 115. Kf7 Be4 116. Rg8+ Kh7 117. Rb8 Bd5+ 118. Kf6 Bg8 119. Ke7 Kg7 120. Rb1 Kh8 121. Kf8 Bh7 122. Rg1 Bd3 123. Rg8+ Kh7 124. Rg3 Bc2 125. Rc3 Be4 126. Rc4 Bd3 127. Rd4 Bc2 128. Rh4+ Kg6 129. Rh6+ Kxh6 1/2-1/2

[Event "ESP-ch U16 rapid"]
[Site "Salobrena"]
[Date "2023.07.30"]
[Round "8"]
[White "Sanchez Aguilar, Arnau"]
[Black "Collado Alcolado, Angel"]
[Result "1/2-1/2"]
[WhiteElo "2046"]
[BlackElo "1769"]
[PlyCount "107"]
[EventDate "2023.07.29"]
[EventType "swiss (rapid)"]
[EventRounds "9"]
[EventCountry "ESP"]
[SourceTitle "EXT 2024"]
[Source "ChessBase"]
[SourceDate "2023.10.10"]
[SourceVersion "1"]
[SourceVersionDate "2023.10.10"]
[SourceQuality "1"]

1. e4 e5 2. Nf3 Nc6 3. Bc4 Nf6 4. d4 exd4 5. 0-0 Nxe4 6. Re1 d5 7. Bxd5 Qxd5 8. Nc3 Qh5 9. Nxe4 Be6 10. Bg5 Bd6 11. Nxd6+ cxd6 12. Bf4 Qd5 13. c3 Qf5 14. cxd4 Qxf4 15. d5 0-0 16. dxe6 fxe6 17. Qb3 d5 18. Qxb7 Nd4 19. Nxd4 Qxf2+ 20. Kh1 Qxd4 21. Rad1 Qf6 22. h3 Rab8 23. Qxa7 Rxb2 24. Qd7 Rxa2 25. Rxe6 Qg5 26. Qxd5 Qxd5 27. Rxd5 Rf1+ 28. Kh2 Ra7 29. h4 h6 30. Kg3 Kh7 31. Rd3 Rff7 32. h5 Ra5 33. Kh4 Rg5 34. g4 Rf4 35. Rg3 Rf1 36. Kh3 Rf4 37. Ra6 Rb4 38. Ra8 Rd4 39. Rf8 Re4 40. Rf1 Rd4 41. Rf2 Re4 42. Rfg2 Rc4 43. Kh2 Rf4 44. Kg1 Ra5 45. Rf2 Rxf2 46. Kxf2 Ra2+ 47. Kf1 g6 48. Rg2 Rxg2 49. Kxg2 gxh5 50. gxh5 Kg7 51. Kg3 Kf6 52. Kf4 Ke6 53. Ke4 Kf6 54. Kf4 1/2-1/2

[Event "La Roda op 49th"]
[Site "La Roda"]
[Date "2023.04.05"]
[Round "1"]
[White "Iniyan, Panneerseluam"]
[Black "Collado Alcolado, Angel"]
[Result "1-0"]
[WhiteElo "2515"]
[BlackElo "1849"]
[PlyCount "41"]
[EventDate "2023.04.05"]
[EventType "swiss"]
[EventRounds "9"]
[EventCountry "ESP"]
[SourceTitle "CBM 213 Extra"]
[Source "ChessBase"]
[SourceDate "2023.05.31"]
[SourceVersion "1"]
[SourceVersionDate "2023.05.31"]
[SourceQuality "1"]

1. d4 Nf6 2. c4 e5 3. dxe5 Ng4 4. Bf4 g5 5. Bg3 Bg7 6. Nc3 Nc6 7. e3 Ngxe5 8. h4 h6 9. hxg5 hxg5 10. Rxh8+ Bxh8 11. Qh5 Ng6 12. Nf3 Bxc3+ 13. bxc3 Qf6 14. Rc1 Nge5 15. Nxg5 d6 16. Ne4 Qg7 17. Be2 Be6 18. Bh4 Kd7 19. Bf6 Qxg2 20. Nc5+ dxc5 21. Rd1+ 1-0

[Event "Madrid Alcorcon op 1st"]
[Site "Madrid"]
[Date "2022.12.30"]
[Round "9"]
[White "Ruiz Vazquez, Javier"]
[Black "Collado Alcolado, Angel"]
[Result "1-0"]
[WhiteElo "2086"]
[BlackElo "1854"]
[PlyCount "145"]
[EventDate "2022.12.26"]
[EventType "swiss"]
[EventRounds "9"]
[EventCountry "ESP"]
[SourceTitle "CBM 212 Extra"]
[Source "ChessBase"]
[SourceDate "2023.03.31"]
[SourceVersion "1"]
[SourceVersionDate "2023.03.31"]
[SourceQuality "1"]

1. e4 e5 2. Nf3 Nc6 3. Bc4 Nf6 4. d4 exd4 5. e5 d5 6. Bb5 Ne4 7. Nxd4 Bc5 8. Be3 0-0 9. Nxc6 bxc6 10. Bxc5 Nxc5 11. Bxc6 Rb8 12. Qd4 Qe7 13. 0-0 Ne6 14. Qxd5 Rd8 15. Qc4 Rb4 16. Qc3 Ba6 17. Nd2 Bxf1 18. Kxf1 Qc5 19. Qxc5 Nxc5 20. Nb3 Rc4 21. Nxc5 Rxc5 22. Be4 Rxe5 23. Bd3 Rb8 24. b3 Kf8 25. f4 Re7 26. Kf2 g6 27. Rd1 Rb4 28. Kf3 Rd4 29. a4 c5 30. a5 Re6 31. Ra1 Ke7 32. a6 Kd6 33. g3 Kc6 34. Bc4 Re7 35. Bd3 Kb6 36. h4 h5 37. Kg2 Re3 38. Bc4 Rd2+ 39. Kh3 f5 40. Bf7 Ree2 41. Rh1 Rd6 42. Rc1 Rf2 43. Bc4 Rdd2 44. Rh1 Rxc2 45. Bf7 Rc3 46. Bxg6 Rff3 47. Rg1 Rxb3 48. Bxh5 Rf2 49. Bg6 c4 50. Bxf5 Rxf4 51. Be6 Re4 52. Bf7 Kxa6 53. h5 Rf4 54. Be6 Kb5 55. Rc1 Re4 56. Bg8 Rbe3 57. h6 Re1 58. Bxc4+ Kb4 59. Rxe1 Rxe1 60. Bd5 Re5 61. Bf7 Re1 62. Kg4 Rh1 63. Bh5 Rf1 64. h7 Rf8 65. Bf7 Rh8 66. Bg8 Kc5 67. Kf5 Kd6 68. Kf6 a5 69. g4 a4 70. g5 a3 71. g6 Kd7 72. Kg7 a2 73. Bxa2 1-0

[Event "Madrid Alcorcon op 1st"]
[Site "Madrid"]
[Date "2022.12.26"]
[Round "2"]
[White "Collado Alcolado, Angel"]
[Black "Perez Gonzalez, Jose Manuel"]
[Result "0-1"]
[WhiteElo "1854"]
[BlackElo "2195"]
[PlyCount "108"]
[EventDate "2022.12.26"]
[EventType "swiss"]
[EventRounds "9"]
[EventCountry "ESP"]
[SourceTitle "CBM 212 Extra"]
[Source "ChessBase"]
[SourceDate "2023.03.31"]
[SourceVersion "1"]
[SourceVersionDate "2023.03.31"]
[SourceQuality "1"]

1. d4 g6 2. e4 d6 3. Nc3 Nf6 4. Bg5 Bg7 5. Qd2 h6 6. Bf4 g5 7. Be3 Ng4 8. h4 Nxe3 9. Qxe3 g4 10. h5 c6 11. 0-0-0 b5 12. Kb1 Qa5 13. Nce2 Nd7 14. Nc1 Nf6 15. Be2 Be6 16. Rh4 b4 17. f4 gxf3 18. Bxf3 Rb8 19. Nh3 Nd7 20. Nf4 Bf6 21. Rh2 Bg5 22. d5 cxd5 23. Nb3 Qb6 24. Qxb6 Nxb6 25. Nxe6 fxe6 26. exd5 Nxd5 27. Bxd5 exd5 28. Rxd5 0-0 29. Rd1 Rf2 30. Nd4 Rc8 31. Rh3 e5 32. Rf3 Rxg2 33. Ne6 Re8 34. Rdf1 Be7 35. a3 e4 36. Rf5 bxa3 37. bxa3 e3 38. Re1 Bg5 39. Ref1 Rf2 40. Nxg5 Rxf1+ 41. Rxf1 hxg5 42. Kc1 Kg7 43. Rh1 e2 44. Kd2 e1Q+ 45. Rxe1 Rxe1 46. Kxe1 Kh6 47. Kf2 Kxh5 48. Kg3 d5 49. a4 a5 50. Kh3 g4+ 51. Kg3 Kg5 52. Kg2 Kf4 53. Kf2 d4 54. Kg2 Ke3 0-1

[Event "Collado Villalba Grupo Gallinero op 1st"]
[Site "Collado Villalba"]
[Date "2022.08.13"]
[Round "2"]
[White "Toribio Camunas, Silvia"]
[Black "Collado Alcolado, Angel"]
[Result "0-1"]
[WhiteElo "1437"]
[BlackElo "1893"]
[PlyCount "64"]
[EventDate "2022.08.12"]
[EventType "swiss"]
[EventRounds "9"]
[EventCountry "ESP"]
[SourceTitle "CBM 210 Extra"]
[Source "ChessBase"]
[SourceDate "2022.11.30"]
[SourceVersion "1"]
[SourceVersionDate "2022.11.30"]
[SourceQuality "1"]

1. d4 Nf6 2. Nf3 d5 3. c4 e6 4. Nc3 c6 5. Bg5 Nbd7 6. e3 Qa5 7. Nd2 dxc4 8. Bxf6 Nxf6 9. Nxc4 Qc7 10. a3 Be7 11. Bd3 0-0 12. Qc2 b6 13. Ne4 h6 14. Ne5 Bb7 15. Nxf6+ Bxf6 16. Ng4 Be7 17. 0-0 Bd6 18. f4 c5 19. Rac1 Rac8 20. Qf2 f5 21. Ne5 Qd8 22. Bc4 Rf6 23. Rcd1 Qe8 24. dxc5 Bxe5 25. fxe5 Rg6 26. g3 Qc6 27. Bd5 exd5 28. Qxf5 d4 29. Qf7+ Kh7 30. Kf2 Rf6+ 31. exf6 Qf3+ 32. Ke1 Qxe3# 0-1

[Event "Madrid San Viator op-B 31st"]
[Site "Madrid"]
[Date "2019.10.06"]
[Round "4"]
[White "Collado Alcolado, Angel"]
[Black "Martinez Martinez, Javier II"]
[Result "1/2-1/2"]
[WhiteElo "1227"]
[BlackElo "1558"]
[PlyCount "63"]
[EventDate "2019.09.08"]
[EventType "swiss"]
[EventRounds "9"]
[EventCountry "ESP"]
[SourceTitle "EXT 2022"]
[Source "ChessBase"]
[SourceDate "2021.10.06"]
[SourceVersion "1"]
[SourceVersionDate "2021.10.06"]
[SourceQuality "1"]

1. e4 e5 2. Nf3 Nc6 3. Bb5 a6 4. Bxc6 dxc6 5. 0-0 Bd6 6. d4 Bg4 7. dxe5 Bxf3 8. Qxf3 Bxe5 9. Rd1 Qf6 10. Qxf6 Nxf6 11. f4 Bd6 12. e5 Bc5+ 13. Kf1 Nd5 14. g3 0-0-0 15. Ke2 Nb4 16. Na3 Rxd1 17. Kxd1 Nd5 18. Nb1 Rd8 19. Ke2 Nb4 20. Na3 Nd5 21. Nb1 h5 22. h3 Nb4 23. Na3 b5 24. Be3 Bxe3 25. Kxe3 c5 26. Ke2 c4 27. Rd1 Rxd1 28. Kxd1 Nxa2 29. c3 b4 30. cxb4 Nxb4 31. Nxc4 Kd7 32. Kd2 1/2-1/2

[Event "Madrid San Viator op-B 31st"]
[Site "Madrid"]
[Date "2019.09.29"]
[Round "3"]
[White "Collado Alcolado, Angel"]
[Black "Hernandez Tadeo, Gabriel"]
[Result "1-0"]
[WhiteElo "1227"]
[BlackElo "1511"]
[PlyCount "55"]
[EventDate "2019.09.08"]
[EventType "swiss"]
[EventRounds "9"]
[EventCountry "ESP"]
[SourceTitle "EXT 2022"]
[Source "ChessBase"]
[SourceDate "2021.10.06"]
[SourceVersion "1"]
[SourceVersionDate "2021.10.06"]
[SourceQuality "1"]

1. e4 e5 2. Nf3 Nc6 3. Bb5 f5 4. exf5 e4 5. Bxc6 dxc6 6. Ne5 Nf6 7. Nc4 Bc5 8. Ne3 0-0 9. 0-0 Nd5 10. Qe2 Kh8 11. Qc4 Nxe3 12. fxe3 Qe7 13. Nc3 Bxf5 14. b3 Bd6 15. Qe2 Qg5 16. Bb2 Bg4 17. Qc4 Bf3 18. Rf2 Rf5 19. Nxe4 Bxh2+ 20. Kxh2 Qh4+ 21. Kg1 Raf8 22. Qd4 R8f7 23. Rxf3 Rxf3 24. gxf3 c5 25. Qe5 Re7 26. Qf5 Kg8 27. Ng5 g6 28. Qc8+ 1-0

[Event "Valdepenas U1600 1st op"]
[Site "Valdepenas"]
[Date "2019.07.27"]
[Round "1.5"]
[White "Collado Alcolado, Angel"]
[Black "Lara Mezcua, Alonso"]
[Result "0-1"]
[WhiteElo "1133"]
[BlackElo "1522"]
[PlyCount "66"]
[EventDate "2019.07.27"]
[EventType "swiss (rapid)"]
[EventRounds "7"]
[EventCountry "ESP"]
[SourceTitle "EXT 2024"]
[Source "ChessBase"]
[SourceDate "2023.10.10"]
[SourceVersion "1"]
[SourceVersionDate "2023.10.10"]
[SourceQuality "1"]

1. e4 e6 2. d4 d5 3. exd5 exd5 4. c4 c6 5. Nc3 Nf6 6. Bg5 Be7 7. c5 Bf5 8. Nf3 Ne4 9. Nxe4 Bxe4 10. Bf4 Nd7 11. Be2 g5 12. Be3 f5 13. Rg1 f4 14. Bc1 Qc7 15. Bd3 0-0-0 16. Bxe4 dxe4 17. Nd2 Nf6 18. Nb3 Rhe8 19. Kf1 Nd5 20. Qh5 Bf6 21. g3 f3 22. Bxg5 Bxg5 23. Qxg5 Qe7 24. Qxe7 Rxe7 25. Ke1 e3 26. fxe3 Rde8 27. Kf2 Nxe3 28. Rac1 Ng4+ 29. Kxf3 Nxh2+ 30. Kg2 Re2+ 31. Kh1 Nf3 32. Rg2 Re1+ 33. Rxe1 Rxe1+ 0-1

[Event "Alcorcon Spring op-B 1st"]
[Site "Alcorcon"]
[Date "2019.05.19"]
[Round "8"]
[White "Collado Alcolado, Angel"]
[Black "De Juan Rivas, Antonio"]
[Result "1/2-1/2"]
[WhiteElo "1011"]
[BlackElo "1523"]
[PlyCount "42"]
[EventDate "2019.03.24"]
[EventType "swiss"]
[EventRounds "9"]
[EventCountry "ESP"]
[SourceTitle "EXT 2020"]
[Source "ChessBase"]
[SourceDate "2019.10.17"]
[SourceVersion "1"]
[SourceVersionDate "2019.10.17"]
[SourceQuality "1"]

1. e4 d6 2. d4 Nf6 3. Nc3 g6 4. Nf3 Bg7 5. Bc4 0-0 6. 0-0 c6 7. h3 Nbd7 8. Re1 Nb6 9. Bb3 Nfd7 10. e5 d5 11. Ng5 e6 12. f4 c5 13. a3 h6 14. Nf3 f6 15. Be3 Qc7 16. Qd2 f5 17. Rad1 c4 18. Ba2 a6 19. Rc1 Rf7 20. b4 Nf8 21. Re2 Bd7 1/2-1/2

[Event "Alcorcon Spring op-B 1st"]
[Site "Alcorcon"]
[Date "2019.03.24"]
[Round "1"]
[White "Collado Alcolado, Angel"]
[Black "Calvo Gonzalez, Jose Felix"]
[Result "0-1"]
[WhiteElo "1011"]
[BlackElo "1571"]
[PlyCount "58"]
[EventDate "2019.03.24"]
[EventType "swiss"]
[EventRounds "9"]
[EventCountry "ESP"]
[SourceTitle "EXT 2020"]
[Source "ChessBase"]
[SourceDate "2019.10.17"]
[SourceVersion "1"]
[SourceVersionDate "2019.10.17"]
[SourceQuality "1"]

1. e4 c5 2. Nf3 Nc6 3. d4 cxd4 4. Nxd4 Nf6 5. Nc3 e5 6. Ndb5 d6 7. Nd5 Nxd5 8. exd5 Ne7 9. c4 Ng6 10. Bd3 a6 11. Nc3 f5 12. 0-0 Be7 13. Qc2 0-0 14. f3 Bg5 15. Bxg5 Qxg5 16. Qc1 Nf4 17. g3 Nh3+ 18. Kh1 Qf6 19. Qe1 Ng5 20. Kg2 f4 21. g4 h5 22. h3 hxg4 23. hxg4 Bxg4 24. fxg4 f3+ 25. Kh2 Qh6+ 26. Kg3 Qh3+ 27. Kf2 Qh2+ 28. Ke3 Qf4+ 29. Kf2 Nh3# 0-1